000 00658nam a2200241 i 4500
001 C2-0141578
003 PPAK
005 20180727125302.0
008 980104s1989 xxk |||| ||||| | eng d
020 _a0749910364
040 _aPPAK
_beng
_cPPAK
_erda
082 0 4 _a615.5
_223
090 0 0 _a615.5
_bOLS
_dR
100 1 _aOlsen, Kristin,
_eauthor
245 1 4 _aThe encyclopedia alternative health care
264 1 _aLondon :
_bPiatkus ,
_c1989
300 _axxii, 330 pages ;
_c23 cm
336 _2rdacontent
_atext
337 _2rdamedia
_aunmediated
338 _2rdacarrier
_avolume
650 1 0 _aMan. Therapy. Alternative methods
942 _ddc
_cB
999 _c44204
_d44204